| 000 | 00543nam a2200181Ia 4500 | ||
|---|---|---|---|
| 999 |
_c30127 _d30127 |
||
| 003 | OSt | ||
| 005 | 20201216102030.0 | ||
| 008 | 190216s9999||||xx |||||||||||||| ||und|| | ||
| 020 | _a8177480367 | ||
| 040 | _coclc | ||
| 082 |
_a894.8121 _bRAV/G |
||
| 100 |
_aRavindran, Pulakkatt _97548 |
||
| 245 | 0 |
_aGarudaddhwani / _cPulakkatt Ravindran |
|
| 260 |
_bCalicut University Central Co-Operative, _c2002. _acalicut university: |
||
| 300 | _a48p | ||
| 650 | _aPoetry | ||
| 942 |
_cBK _2ddc _h894.8121 _iRAV/G _k894.8121 _mRAV/G |
||